000 00534nam a2200193Ia 4500
005 20221116142118.0
008 210716s2011 xx 000 0 und d
020 _a9788184044232
040 _cAIMIT LIBRARY
041 _aeng
082 _a005.365
_21
_bSHOJ
100 _aShore, James.
_962219
245 _aArt of agile development.
250 _a1
260 _aNew Delhi
_bShroff Publishers and Distributors Pvt Ltd
_c2011
300 _axviii;409
700 _aWarden, Shane.
_962220
942 _2ddc
_cBK
_e1st
_k005.365 SHOJ
999 _c192602
_d192602